000 00366nam a2200133Ia 4500
008 240624s9999 xx 000 0 und d
041 _aeng
082 _a371 KOS
100 _aKOSSLYN STEPHEN M
245 _aBUILDING THE INTENTIONAL UNIVERSITY MINERVA AND THE FUTURE
260 _c2018
_aLondon
_bThe MIT Press
300 _axxiv, 456 p.; 23 cm.
365 _cRS
_b25
999 _c31941
_d31941